000 00418nam a2200181Ia 4500
001 8150
005 20260306160548.0
008 260306t2007||||xx |||||||||||||| ||spa||
041 _aESP
082 _a370.114
_bO28 T. 3
100 _aGrupo Océano
_eAUT
245 0 _aCómo educar además de enseñar
260 _c2007
300 _apágs. :
_ccm.
650 _aGEN
654 _aCED
942 _cLIB
_dJUS
_fJUS
_2ddc
_n
999 _c8150
_d8150